| 000 | 00945cam a22001934a 4500 | ||
|---|---|---|---|
| 005 | 20250605164123.0 | ||
| 008 | 250528s ||||||||||||||||||||||||d | ||
| 035 | _a18347 | ||
| 020 | _a9604317105 | ||
| 040 |
_aGR-AtMCL _bgre _dGR-AtMCL _eAACR2 |
||
| 245 | 1 | _aΕισαγωγή στις Μηχανουργικές Μορφοποιήσεις | |
| 260 |
_bΖήτη, _c2001 |
||
| 300 | _a132 | ||
| 520 | _aΜέθοδος Μορφοποιήσεως Τεμαχίων, Αρχέγονη Μορφοποίηση, Μορφοποιήσεις με Αφαίρεση Υλικού, Κατεργασίες Μορφοποίησης με Αφαίρεση Υλικού με Προκαθορισμένη Γεωμετρία Κόψης, Μορφοποίηση Τεμαχίων με Πλαστική Παραμόρφωση. | ||
| 700 | 1 |
_aΜπουζάκης Κωνσταντίνος-Διονύσιος _94621 |
|
| 942 | _cBK | ||
| 999 |
_c3710 _d3710 |
||